Central Library OPAC University of Rajshahi

Landmark judgments of supreme court (1950-2021) : (Record no. 81461)

MARC details
000 -LEADER
fixed length control field 00815nam a2200253 a 4500
001 - CONTROL NUMBER
control field 81461
003 - CONTROL NUMBER IDENTIFIER
rucl marc code BD-RjUL
005 - DATE AND TIME OF LATEST TRANSACTION
control field 20230525145844.0
008 - FIXED-LENGTH DATA ELEMENTS--GENERAL INFORMATION
fixed length control field 230525s2022 ii ||||| |||| 00| 0 eng d
020 ## - INTERNATIONAL STANDARD BOOK NUMBER
International Standard Book Number 9789390912759
035 ## - SYSTEM CONTROL NUMBER
System control number (BD-RjUL)81461
040 ## - CATALOGING SOURCE
Original cataloging agency BD-RjUL
Language of cataloging eng
Transcribing agency BD-RjUL
041 ## - LANGUAGE CODE
Language code of text/sound track or separate title eng
082 ## - DEWEY DECIMAL CLASSIFICATION NUMBER
Edition number 23
Classification number 348.54044
Author mark and year ACL 2022
100 ## - MAIN ENTRY--PERSONAL NAME
Personal name Acharya, N. K.
9 (RLIN) 7672
245 ## - TITLE STATEMENT
Title Landmark judgments of supreme court (1950-2021) :
Remainder of title annotated together with precedents /
Statement of responsibility, etc. N. K. Acharya ; Revised by V. K. Dewan; Foreword by Arijit Pasayat.
250 ## - EDITION STATEMENT
Edition statement 6th edition
260 ## - PUBLICATION, DISTRIBUTION, ETC. (IMPRINT)
Place of publication, distribution, etc. Hyderabad :
Name of publisher, distributor, etc. Asia Law House,
Date of publication, distribution, etc. 2022
300 ## - PHYSICAL DESCRIPTION
Pagination 1694 Pages;
Size 24 cm.
650 ## - SUBJECT ADDED ENTRY--TOPICAL TERM
Topical term or geographic name as entry element Law reports, digests, etc. India
9 (RLIN) 7673
700 ## - ADDED ENTRY--PERSONAL NAME
Personal name Dewan, V. K.
Personal name Pasayat, Arijit
942 ## - ADDED ENTRY ELEMENTS (KOHA)
Source of classification or shelving scheme Dewey Decimal Classification
Koha item type Books
Holdings
Lost status Source of classification or shelving scheme Damaged status Not for loan Collection code Permanent Location Current Location Shelving location Date acquired Source of acquisition Cost, normal purchase price Total Checkouts Full call number Date last seen Copy number Koha item type
  Dewey Decimal Classification   Not For Loan Non-fiction Central Library, University of Rajshahi Central Library, University of Rajshahi Reading Room 17/05/2023 Dhaka : BM Book 1732.00   348.54044 ACL 2022 25/05/2023 C-1 Books
  Dewey Decimal Classification     Non-fiction Central Library, University of Rajshahi Central Library, University of Rajshahi General Stacks 17/05/2023 Dhaka : BM Book 1732.00   348.54044 ACL 2022 25/05/2023 C-2 Books